000 00203nam a22001097a 4500
041 _aeng
080 _a80
100 _aMorozov, K. P.
245 _aAbove and Beyond
650 _aHistory
999 _c281198
_d281198
942 _cBK